000
00219nam a22000857a 4500
008
170203b xxu||||| |||| 00| 0 eng d
100
_9
2760
_a
Aggarwal.ML.etal.
245
_a
Q.B.Mathematics-XII
260
_a
New Delhi
_b
APC
_c
2010
999
_c
5950
_d
5950